Statistics for Fnaf Characters - Extreme (5/08/2022)

Click here to take the quiz!

General Stats

  • This quiz has been taken 1,149 times
    (1,018 since last reset)
  • The average score is 51 of 389

Answer Stats

HintCharacters% Correct
%_^^&(
100%
FNAFFreddy Fazbear
97%
Chica
95%
Bonnie
94%
Foxy
93%
Golden Freddy
90%
Toy Freddy
69%
The Puppet
67%
Mangle
66%
Toy Bonnie
65%
Toy Chica
65%
FNAF 2Balloon Boy
59%
William Afton
59%
Withered Freddy
59%
Endo 01
57%
Springtrap
57%
Withered Bonnie
57%
Withered Chica
57%
Circus Baby
56%
Withered Foxy
56%
JJ
53%
Nightmare
53%
FNAF 6 (SL)Ballora
51%
Dark Freddy
51%
Funtime Freddy
51%
Phone Guy
51%
RWQFSFASXC
51%
Shadow Freddy
51%
Funtime Foxy
49%
Mike
49%
Mike Schmidt
49%
Cupcake
46%
Endo 02
43%
Ennard
43%
FNAF 4Fredbear
43%
Glamrock Freddy
43%
Jeremy Fitzgerald
43%
Michael
43%
Michael Afton
43%
Nightmare Chica
43%
Nightmare Freddy
43%
Phantom Freddy
43%
Nightmare Bonnie
42%
Withered Golden Freddy
42%
Nightmare Foxy
41%
Phantom Chica
41%
Crying Child
40%
Scraptrap
40%
Bon bon
39%
FNAF 12 (SB)Glamrock Chica
39%
Spring Bonnie
39%
Phantom Foxy
38%
FNAF 7 (FFPS)Lefty
36%
Nightmare Fredbear
36%
Bidybab
35%
Elizabeth Afton
35%
Nightmarionne
35%
Bonnet
34%
Henry
34%
Lolbit
34%
Phantom Mangle
34%
Plushtrap
34%
Scrap Baby
34%
Roxanne Wolf
33%
Vanny
33%
Yenndo
33%
Fritz Smith
32%
Funtime Chica
32%
Phantom Puppet
32%
Rockstar Freddy
32%
ElectroBab
31%
Fritz
31%
Jack o chica
31%
Minireena
31%
Molten Freddy
31%
Rockstar Bonnie
31%
Rockstar Chica
31%
Cassidy
30%
Jack o bonnie
30%
Nightmare Mangle
30%
FNAF 3Phantom Ballon Boy
30%
Rockstar Foxy
30%
Greg
29%
Montgomery Gator
29%
Mr. Hippo
29%
Nightmare Ballon Boy
29%
Burntrap
28%
Purple Guy
27%
Happy Frog
25%
Vanessa
25%
Orville Elephant
24%
PigPatch
24%
Charlotte
23%
Gregory
23%
Music man
23%
Security
23%
Helpy
22%
Toy Foxy
22%
FNAF 8 (UCN)Deedee
21%
El chip
21%
Moondrop
21%
Nedd Bear
21%
Nightmare Cupcake
21%
Sunnydrop
21%
Missing KidsSusie
21%
Freddles
20%
Dreadbear
18%
Glamrock Bonnie
18%
Toy Cupcake
18%
The Blob
17%
Paperpals
16%
DJ Music Man
15%
Map Bot
15%
Candy Cadet
14%
Fruit Punch Clown
13%
Lemonade Clown
13%
FNAF 5 (World)Old man Consequences
13%
Phone dude
13%
Security Puppet
13%
Trash and The Gang
13%
Grimm Foxy
12%
FNAF Book 2 (TTO)Twisted Freddy
11%
HandUnit
10%
Twisted Bonnie
10%
Twisted Chica
10%
Lina
9%
Plush Baby
9%
Twisted Foxy
9%
Glamrock Endo
8%
John
8%
Scott Cawthon
8%
X.O.R.
8%
Chip
7%
Dave
7%
FNAF FF 2Fetch
7%
Prize King
7%
Egg Baby
6%
Ella
6%
Glamrock Foxy
6%
Golden Cupcake
6%
Security Bot
6%
Twisted Wolf
6%
Wet Floor Bot
6%
Carlton
5%
Coffee
5%
Shadow Cupcake
5%
Tangle
5%
Eleanor
4%
Freddy Frostbear
4%
Funtime Cupcake
4%
Glamrock Mr. Hippo
4%
Jessica
4%
Liberty Chica
4%
Mrs. Afton
4%
Neon
4%
security guard FNAF 3
4%
FNAF 10 (AR)Shamrock Freddy
4%
8-bit baby
3%
AnimDude
3%
Beaver
3%
Endo Plush
3%
Marla
3%
Nightmare Endo
3%
Redbear
3%
Sarah
3%
Shadow BB
3%
Shadow Puppet
3%
Tape Girl
3%
Toxic Springtrap
3%
Abby
2%
Ben
2%
Black Ice Frostbear
2%
Bob
2%
Bouncepot
2%
Chica's Magic Rainbow
2%
Chocolate Bonnie
2%
Clown
2%
Easter Bonnie
2%
Flaming Springtrap
2%
Highscore Toy Chica
2%
Lamar
2%
Lonely Freddy
2%
Mendo
2%
FNAF 9 (VR:HW)Neon Bonnie
2%
Plushies
2%
Porkpatch
2%
Radioactive Foxy
2%
Sammy
2%
Shadow Mangle
2%
System Error Toy Bonnie
2%
Technicians
2%
The Curse
2%
VR Toy Freddy
2%
White Rabbit
2%
_!2222
1%
8-bit Fredbear
1%
Alien Bot
1%
Arctic Ballora
1%
Auto Chipper
1%
Ballboy
1%
Big Bad Foxy
1%
Blackheart Bonnie
1%
Boulder Toy Bonnie
1%
Bouncer
1%
Browboy
1%
Bubba
1%
Burnt Foxy
1%
Chipper's Revenge
1%
Chocolate Chica
1%
Clay
1%
Cleaner Bot
1%
Clockwork Ballora
1%
Clown Springtrap
1%
Comedy Bot
1%
Desk Man
1%
Dogfight
1%
Eyesore
1%
Firework Freddy
1%
Flamethrower Endo
1%
Flan
1%
Frostbite Balloon Boy
1%
Frost Plushtrap
1%
Gabrielle
1%
Gearrat
1%
Goldmine
1%
Gumball Swivelhands
1%
Human Heads
1%
Jacob
1%
Jason
1%
Jeff
1%
Little Joe
1%
Mad Endo
1%
Magician
1%
Mr. Chipper
1%
Neon Chica
1%
Oscar
1%
FNAF FF 1Oswald
1%
P. Goon
1%
Pizza Bot
1%
Plushtrap Chaser
1%
Prototype
1%
PurpleGeist
1%
Ringmaster Foxy
1%
Rot
1%
Seagoon
1%
Serpent Mangle
1%
Snowcone
1%
Springlock Suit
1%
Steve
1%
Supergoon
1%
Swamp Balloon Boy
1%
The Princess
1%
TutorialUnit
1%
Woodland Toy Freddy
1%
8-bit Cupcake
0%
Aaron
0%
Aeronaut Toy Freddy
0%
Alanna
0%
Alec
0%
Alpha Staff Bot
0%
FNAF Book 3 (TFC)Amalgamation
0%
Amphibian
0%
Anne Park
0%
Ape
0%
Arty
0%
Attendant Bot
0%
Aubrey Fitzsimmons
0%
Aunt Jen
0%
Avni
0%
Beartrap
0%
FNAF Book 1 (TSE)Betty
0%
Billy
0%
Bird
0%
Black Dog
0%
Blacktrap
0%
Boxbyte
0%
Broiler Baby
0%
Brooke Harrison
0%
Calavera cupcake
0%
Cameron Fitzsimmons
0%
Catrina Toy Chica
0%
Charlie's Project
0%
Chillax
0%
Chimpanzee
0%
Chocolate Freddy
0%
Chop 'N Roll
0%
Chuck
0%
Cindy
0%
Clockwork Minireena
0%
Colossal
0%
Crabapple
0%
Dark Water Endo
0%
Delia
0%
Donald
0%
Donnie
0%
Driver Assist Bot
0%
Dr. Treadwell
0%
Dylan
0%
Dylan Cooper
0%
Emma
0%
Family Bot
0%
Female Computer Voice
0%
FNAF 11 (Freddy in Space 2)Freddy's Son
0%
Gigi
0%
Glitched Enemy 3
0%
Gold Endo
0%
Graveweed
0%
Gypsy
0%
Hannah
0%
Harriet
0%
Haunting Freddy
0%
Hayden Fitzsimmons
0%
Hazel
0%
Heartsick Baby
0%
Instructor Bot
0%
Isaac
0%
Jackrabbit
0%
Jangle
0%
Jeff Fitzsimmons
0%
Jetpack Balloon Boy
0%
Jillian
0%
Jinx
0%
Joan
0%
Little Red Chica
0%
Luis
0%
FNAF 13 (SD)Luis Cabrera
0%
Lydia
0%
Magician Mangle
0%
Majoire
0%
Maria Rodriguez
0%
Mason Blair
0%
Mechrab
0%
Meg
0%
Melted Chocholate Bonnie
0%
Meringue
0%
Metalman
0%
Millie Fitzsimmons
0%
Millie's Grandfather
0%
Moldy Cupcake
0%
Mr. Devereaux
0%
Mrs. Meechan
0%
Mr. Watson
0%
Norah
0%
Officer Dunn
0%
Oliver
0%
Oswald's Father
0%
Oswald's Mother
0%
Overclock
0%
Party Bot
0%
Pete
0%
Piranha Plushtrap
0%
Plushkins
0%
Protagonist
0%
Quarry
0%
Raha Sahib
0%
Raj
0%
Rebecca
0%
Rob Fitzsimmons
0%
Ron
0%
Sarah's Brother
0%
Sarah's Father
0%
Sarah's Mother
0%
Scorched Cupcake
0%
Scorching Chica
0%
Scott's Head
0%
Seaweed
0%
Sergei
0%
Sheri Fitzsimmons
0%
Souldozer
0%
Stanley
0%
Suicide man
0%
Sunken Toy Bonnie
0%
Tabitha
0%
Terminator Chica
0%
Theodore
0%
Tombstack
0%
Torch Cupcake
0%
Totemole
0%
Tracy
0%
Tyler
0%
Unknown boy
0%
Virtua-Freddy
0%
VirtualTrap
0%
Wanda
0%
Worker Bot
0%
Yarg Foxy
0%

Score Distribution

Percentile by Number Answered

Percent of People with Each Score

Your Score History

You have not taken this quiz since the last reset